Veronika (lyricko-epické básne)

Bibliographic Details
Main Author: Kráľ, Jozef, 1927- (Author)
Other Authors: Čujová, Veronika (Illustrator)
Format: Book
Language:Slovak
PhysicalDescription:58 s. ilustr. 21 cm
Published: Dolný Kubín Jozef Kráľ 2013
ISBN:9788097140342
Subjects:

MARC

LEADER 00000nam a2200000 a 4500
001 vtls010547194
003 SK-MaSNL
005 20260301174537.0
008 160610s2013 xo a g 000 p slo
015 |a SNBA2013/10 
020 |a 9788097140342  |q (brož.) 
035 |a 3CB222E1-55D0-493B-A5F4-3578326E43C7 
035 |a urn:nbn:sk:snk-amkylz 
035 |a urn:nbn:sk:snk-am008pxc 
040 |a SNK  |b slo  |c SNK  |e AACR2 
041 0 |a slo 
044 |a xo  |c SK 
072 7 |a 821.162.4-1  |x Slovenská poézia  |2 konspekt 
080 |a 821.162.4-1  |2 2001 
100 1 |a Kráľ, Jozef,  |d 1927-  |4 aut  |9 92177 
245 1 0 |a Veronika  |b (lyricko-epické básne)  |c Jozef Kráľ 
260 |a Dolný Kubín  |b Jozef Kráľ  |c 2013 
300 |a 58 s.  |b ilustr.  |c 21 cm 
366 |e 30 výtl. 
655 7 |a slovenská poézia  |2 SNKPH  |9 70444 
655 7 |a Slovak poetry  |2 SNKPHeng  |9 265010 
700 1 |a Čujová, Veronika  |4 ill  |9 351369 
852 |a Slovenská národná knižnica 
919 |a 978-80-971403-4-2 
954 |a beletria pôvodná (slovenská)  |2 lita 
958 |a LX 
999 |c 839934  |d 841864 
952 |a SNK  |b SNK  |y PREZ  |7 0  |p 17A1084091  |o snkSC 156219  |i snk2013/23188  |8 0  |0 0  |1 0  |4 0  |d 2013-09-30  |f 1  |l 0  |r 2025-08-18 00:00:00  |w 2026-02-24 
952 |a SNK  |b SNK  |y VYP  |7 0  |p 17A1084090  |o snkSC 156219 D1  |i snk2013/23190  |8 0  |0 0  |1 0  |4 0  |d 2013-09-30  |l 0  |r 2026-02-24 04:07:40  |w 2026-02-24